Регионална библиотека "Любен Каравелов" - Русе

Съвременната фентъзи литература за деца - между традицията и новите тенденции (Запис номер 176099)

MARC детайли
000 -Лидер
Контролно поле с фиксирана дължина 02820nam a2200469 c 4500
003 - Код на организацията, давaща контролен номер
Контролно поле BLK
005 - Дата и час на последна редакция
Контролно поле 20240909132312.0
008 - Елементи от данни с фиксирана дължина
fixed length control field 180411b bul|||||r ||||||| ||bul||
010 ## - Наследен системен номер
LC control number KNG00184704000
020 ## - Международен стандартен номер на книга ISBN
Международен стандартен номер на книга ISBN 978-619-7239-02-7
-- издат.: Регион. библ. Сава Доброплодни
040 ## - Източник на каталожния запис
Идентификатор на билиотеката - собственик на записа BLK
041 ## - Код за език
Код за езика на текст/звукозапис или на отделно заглавие Български
Код за езика КДБФ Български
072 #7 - Код за тематичната категория
Код организация bullib
Код за тематична категория Н82
Текст Литературознание Н
080 ## - УДК
Текстов определител УДК Литература на отделни езици и езикови семейства
УДК код - определител по УДК 821
УДК определител -93.09(063)
УДК - код + определител 821-93.09(063)
139 ## - Редно поле
Редна дума Съвременната фентъзи литература за деца - между традицията и новите тенденции
Авторски знак Съ - С 96
245 10 - Сведения за заглавието
Заглавие Съвременната фентъзи литература за деца - между традицията и новите тенденции
Подзаглавни данни Сб. докл. от кръгла маса, Сливен 11 - 13 май 2015 г.
Редно поле (дума) състав. Росица Колева Петрова-Василева; прев. на англ. Корнелия Бончева Костова; прев. на англ. Петя Кънева.
246 11 - Различни форми на заглавието
Паралелно заглавие Modern Fantasy Literature for Children - Between Tradition and New Trends : Collection of reports of the round table, Sliven, 11-13 May, 2015
257 ## - Страна на издаване
Страна на създаване/издаване България
260 ## - Област на издателските данни
-- София
Име на издателя, разпространителя и проч. Регион. библ. Сава Доброплодни
Година на издаване 2015
Печатница Сливен : ИК Жажда
300 ## - Физическа характеристика
Страници 238 с.
Размери/Мащаб 22 см
380 ## - Жанр
Жанр Литературознание
500 ## - Общи забележки
Забележка Библиогр. след отд. докл.
650 #4 - Допълнително описание по предмет – тема
Основно описание – тема или топоним Детска и юношеска литература - конгреси, конференции, съвещания
9 (RLIN) 324904
650 #4 - Допълнително описание по предмет – тема
Основно описание – тема или топоним Научнофантастична и приключенска литература
9 (RLIN) 305107
653 ## - Ключова дума – ненормативна
Ключова дума детска литература
653 ## - Ключова дума – ненормативна
Ключова дума юношеска литература
653 ## - Ключова дума – ненормативна
Ключова дума приключенска литература
653 ## - Ключова дума – ненормативна
Ключова дума фантастична литература
653 ## - Ключова дума – ненормативна
Ключова дума конференции
659 ## - Тематичен бюлетин
Тематичен бюлетин Н
700 ## - Други автори (авторска отговорност)
Лично име Петрова-Василева, Росица Колева
9 (RLIN) 370756
700 1# - Други автори (авторска отговорност)
Лично име Костова, Корнелия Бончева
Автороска отговорност (Описва отношението между автора и произведението) прев. на англ.
9 (RLIN) 340460
700 1# - Други автори (авторска отговорност)
Лично име Кънева, Петя
Автороска отговорност (Описва отношението между автора и произведението) прев. на англ.
9 (RLIN) 383295
710 1# - Име на организация или юридическо лице като допълнителен термин за търсене
Наименование на организация или юридическо лице като редна дума Национален фестивал на дет. кн. Сливен
9 (RLIN) 285778
720 ## - Неконтролирано име
Паралелен автор Comp., [sci. ed.] Rositsa Petrova-Vasileva ; [transl. Petya Kaneva, Kornelia Kostova]
Ключова дума за отношение (Описва отношението между автора и произведението) паралелен автор
852 ## - Местоположение
Форматна сигнатура Цб 278034
856 4# - Електронен адрес и достъп
Електронен формат pdf - файл
Път до файла /url/
856 4# - Електронен адрес и достъп
Електронен формат pdf - файл
Път до файла /url/
942 ## - АРТИКУЛИ
Вид на библиотечния материал Книги
Скрит в OPAC Не
Koha issues (borrowed), all copies 3
944 ## - СЪЗДАВАНЕ И РЕДАКЦИЯ на ЗАПИСА
Създаване/Редакция Създаване
Дата на регистрацията/редакция 10.11.2015
Статус, дата на статуса Кети Илиева
Служител, извършил регистрацията/редакцията 30550
944 ## - СЪЗДАВАНЕ И РЕДАКЦИЯ на ЗАПИСА
Създаване/Редакция Редакция
Дата на регистрацията/редакция 23.11.2015
Статус, дата на статуса ф /
Служител, извършил регистрацията/редакцията Людмила_Стоянова
999 ## - СИСТЕМНИ КОНТРОЛНИ НОМЕРА
Koha biblionumber 176099
Koha biblioitemnumber 176099
Наличности
Код за отписване Код за изгубен артикул Код за повреда Коз за рестрикции Код за отдаване Артикулен № Име на библиотеката - собственик Име на библиотеката, в която се намира в момента Статус (Текущо местоположение) Дата на вписване в системата Местоположение - отдел Цена в лева Инвентарен номер Систематично азбучна сигнатура Баркод Номер на екземпляра Цена в евро Служебна бележка Служебен тип на артикула Източник на класификационната схема
  Не е изгубен Не е повреден без рестрикции ползва се в читалня 303167 Регионална библиотека "Любен Каравелов" Русе Регионална библиотека "Любен Каравелов" Русе Хранилище 2015-11-11 Хранилище 12.00 120000794678 Цб 278034 120000794678 1 6.14 Дост: Dp Вид: Д N: 41 Дата: 19.09.2015 Книги  
  Не е изгубен Не е повреден без рестрикции заемане за дома 303168 Регионална библиотека "Любен Каравелов" Русе Регионална библиотека "Любен Каравелов" Русе Детски отдел 2015-08-31 Детски отдел 12.00 120000791782 ДН 821.09/С 96 120000791782 2 6.14 Дост: DA Вид: А N: 17 Дата: 31.08.2015 Книги Universal Decimal Classification
Vip Innovations Ltd, Rousse, Bulgaria 2025